00502nam a2200205Ia 450000500170000000800460001702000180006303700100008104000080009104000080009904000080010704100080011504100080012308400080013124500580013926000260019726000090022365000150023285600490024720260306150545.0008 260114s9999 xx 000 0 eng d a9780300146660 aEbook aCRL beng cCRL 2eng aeng qCRL 0aTotalitarianism and the Modern Conception of Politics bYale University Press c2008 aPhilosophy uhttps://www.degruyter.com/isbn/9780300146660